000 00586nam a2200217 a 4500
001 83482
003 BD-RjUL
005 20240327121717.0
008 240325s1962 enk 000 0 eng d
035 _a(BD-RjUL)83482
040 _aBGU
_beng
_cBD-RjUL
041 _aeng
082 _223
_a823.91
_bORB 1962
100 1 _aOrwell, George,
_d1903-1950
_912495
245 1 0 _aBurmese days /
_cby George Orwell
250 _aTime reading program special ed.
260 _aNew york :
_bTime incorporated,
_c1962
300 _a263 p.;
_c21 cm.
650 _aEnglish fiction
942 _2ddc
_cBK
999 _c83482
_d83482